00414nam a2200157 a 450000100060000000300090000600800410001502000150005604000280007108200170009910000410011624500320015726000330018930000080022265000260023013527CO-ViMGA141112s2004 ck r 000 u spa d a8420482447 aCO-ViMGAbspacCO-ViMGA04a808.83 M657a1 aMonterroso, Augusto; Jacobs, Barbara10aAntologia del cuento triste aMadrid : bAlfaguara, c1990 a54414aCUENTOS - COLECCIONES